Loreto College Library, Kolkata
WEBOPAC (ONLINE PUBLIC ACCESS CATALOGUE)

The UN General Assembly (Record no. 15399)

MARC details
000 -LEADER
fixed length control field 00607nam a2200205Ia 4500
008 - FIXED-LENGTH DATA ELEMENTS--GENERAL INFORMATION
fixed length control field 131103s9999 xx 000 0 und d
020 ## - ISBN | অাই এস বি এন
ISBN | অাই এস বি এন 415343895
PRICE GBP 17.99
040 ## - CATALOGING SOURCE
Original cataloging agency Loreto College
041 ## - LANGUAGE CODE
Language code English
082 ## - DDC | ডিউই
Classification number | বর্গসংখ্যা 327.06/PET
Book Number | গ্রন্থাঙ্ক LCLIB/45114
100 ## - MAIN ENTRY--PERSONAL NAME | মুখ্য সংলেখ - ব্যাক্তিনাম
Personal name | ব্যাক্তিনাম Peterson, M.J.
245 #4 - TITLE STATEMENT | অাখ্যা বিবরণী
Title | অাখ্যা The UN General Assembly
Statement of responsibility | লেখকের দায়িত্বের বিবরণ M.J. Peterson
260 ## - IMPRINT | প্রকাশনা ক্ষেত্র
Place of publication | প্রকাশ স্থান London and New York
Name of publisher | প্রকাশকের নাম Routledge
Date of publication | প্রকাশ কাল 2006
300 ## - PHYSICAL DESCRIPTION |
Page / Vol. No | পৃষ্ঠা / খন্ড সংখ্যা xii,160p
440 ## - SERIES STATEMENT |গ্রন্থমালা
Series Title | গ্রন্থমালা অাখ্যা Global Institutions
504 ## - BIBLIOGRAPHY, ETC. NOTE
Bibliography, etc Includes bibliographical references and index
650 ## - SUBJECT ADDED ENTRY--TOPICAL TERM | বিষয় শিরোনাম - মূল বিষয়
Topical term | মূল বিষয় United Nations Organization
850 ## - HOLDING INSTITUTION
Holding institution LCLIB/327.06/PET
942 ## - ADDED ENTRY ELEMENTS (KOHA)
Koha item type Books
Holdings
Withdrawn status Lost status Damaged status Not for loan Home library Current library Date acquired Total Checkouts Full call number Accession No. Checked out Date last seen Date checked out Price effective from Koha item type
        Loreto College Loreto College 04/11/2013 3 327.06/PET LCLIB/45114 B15456 30/11/2016 23/11/2016 23/11/2016 04/11/2013 Books